Sacred and the Profane (Record no. 11021)
[ view plain ]
| 000 -LEADER | |
|---|---|
| fixed length control field | 00608nam a2200241 a 4500 |
| 020 ## - INTERNATIONAL STANDARD BOOK NUMBER | |
| ISBN | |
| 082 00 - DEWEY DECIMAL CLASSIFICATION NUMBER | |
| Classification number | 291 |
| Author Cutter | ELI2 |
| 100 ## - MAIN ENTRY--AUTHOR NAME | |
| Author name | Eliade, Mircea |
| 245 ## - TITLE STATEMENT | |
| Title | Sacred and the Profane |
| Sub title | Nature of Religion. |
| 260 ## - PUBLICATION, DISTRIBUTION, ETC. (IMPRINT) | |
| Place of publication | New York |
| Name of publisher | Harper and Row |
| Year of publication | 1961 |
| 300 ## - PHYSICAL DESCRIPTION | |
| Number of Pages | 255p |
| 500 ## - GENERAL NOTE | |
| General note | includes index and biblioraphy |
| 505 2# - FORMATTED CONTENTS NOTE | |
| Formatted contents note | Index, Bibliography |
| 650 ## - SUBJECT ADDED ENTRY--TOPICAL TERM | |
| Topical Term | Comparative Religion |
| 942 ## - ADDED ENTRY ELEMENTS (KOHA) | |
| Koha item type | Books |
| 700 1# - | |
| -- | Eliade, Mircea |
| Collection code | Home library | Current library | Date acquired | Cost, normal purchase price | Full call number | Accession Number | Koha item type |
|---|---|---|---|---|---|---|---|
| Henry Martyn Institute Library | Henry Martyn Institute Library | 07/20/2007 | 164.50 | 291 ELI2 | 015042 | Books |
